000 00803nam a22002057a 4500
999 _c9995
_d9995
003 AR-CdUCM
008 190329b ||||| |||| 00| 0 spa d
040 _aMUNICIPALIDAD PROVINCIAL DEL CUSCO
_cBIBLIOTECA MUNICIPAL DEL CUSCO
082 _a343.8 /
_bU58 / 1938
100 _aUreta del solar, Guillermo
_926579
245 _aLos impuestos al tráfico del patrimonio en el Perú /
260 _aLima :
_bSanmartí,
_c1938.
300 _a164 páginas ;
_c24 cm.
505 _aContenido : Los impuestos sobre el trafico del patrimonio ante la ciencia -- Alcabala de enajenaciones e impuesto del registro -- Legislación vigente -- Jurisprudencia administrativa ...
650 _aAdministración
_94472
650 _aImpuesto
_94755
650 _aPatrimonio
_95523
942 _2ddc
_cLIBROS
945 _arah